000 01199nam a2200289 a 4500
001 000022717
003 DO-SdBNP
005 20251027104226.0
008 101116s1998 ck 000 0 spa d
020 _a9589620191
040 _aDO-SdBNP
_bspa
_cBNPHU
082 4 _a918.86
_bP855c
_222
100 1 _aPosada Carbó, Eduardo.
_d1956-
_946689
240 1 0 _aThe colombian caribbean: a regional history (1870-1950).
_lEspañol
245 1 3 _aEl caribe colombiano :
_buna historia regional (1870-1950) /
_cEduardo Posada Carbó ; traducción de Cecilia Inés Restrepo.
260 _aBogotá, Colombia :
_bBanco de la República ;
_bEl Áncora Editores,
_c1998.
300 _a312, 12 p. ;
_c20 cm.
500 _aIncluye datos biográficos del autor en la contracubierta.
534 _aTítulo original :
_tThe colombian caribbean: a regional history (1870-1950)
651 4 _aColombia
_xCondiciones económicas
_930637
651 4 _aColombia
_xDescripciones y viajes
_916997
651 4 _aCaribe (Región)
_xCondiciones económicas
_987401
651 4 _aCaribe (Región)
_xHistoria
_987401
651 4 _aColombia
_xHistoria
_918037
700 1 _aRestrepo, Cecilia Inés,
_etr.
_946690
942 _2ddc
_cLBS1
999 _c22214
_d22214